Economic and financial aspects of the present crisis (Record no. 480662)

000 -LEADER
fixed length control field 00544cam a22001457a 4500
008 - FIXED-LENGTH DATA ELEMENTS--GENERAL INFORMATION
fixed length control field 180718b1963 xxu||||| |||| 00| 0 eng d
082 ## - DEWEY DECIMAL CLASSIFICATION NUMBER
Classification number T19x54 M883e
100 ## - MAIN ENTRY--PERSONAL NAME
Personal name Mudaliar, Sir A. Ramaswami
245 ## - TITLE STATEMENT
Title Economic and financial aspects of the present crisis
Statement of responsibility, etc. by Sir A. Ramaswami Mudaliar
260 ## - PUBLICATION, DISTRIBUTION, ETC.
Place of publication, distribution, etc. Bombay
Name of publisher, distributor, etc. Indian Merchants' Chamber Econ. Res. & Training Foundation
Date of publication, distribution, etc. 1963
300 ## - PHYSICAL DESCRIPTION
Extent 12p.
500 ## - GENERAL NOTE
General note B.F. Madon Memorial Lectures, 1963
650 ## - SUBJECT ADDED ENTRY--TOPICAL TERM
Topical term or geographic name entry element India - China War, 1962 - Economic Ashects
650 ## - SUBJECT ADDED ENTRY--TOPICAL TERM
Topical term or geographic name entry element India - Economic conditions
Holdings
Withdrawn status Lost status Damaged status Not for loan Permanent Location Current Location Date acquired Full call number Barcode Date last seen Price effective from Koha item type
        Indian Institute of Public Administration Indian Institute of Public Administration 2018-08-04 T19x54 M883e GR5637 2018-08-04 2018-08-04 GR

Powered by Koha